000 01606nam a2200325 i 4500
003 CSPC
005 20251018153832.0
008 230424s2021 ph a b 001 0 eng d
020 _a9786210424713
040 _cCSPC
_aCSPC
_erda
_dCSPC
_beng
082 0 4 _a371.33
_bB839c
100 1 _aBruza, Elen Joy Alata-,
_eauthor.
245 1 2 _aA course module for technology for teaching and learning 1 /
_cElen Joy Alata-Bruza, [and 4 others] ; Greg Tabios Pawilen, coordinator.
264 1 _aManila :
_bREX Book Store,
_c2021 ; Reprinted 2022.
300 _avi, 163 pages :
_billustrations ;
_c26 cm.
336 _2rdacontent
_atext
337 _2rdamedia
_aunmediated
338 _2rdacarrier
_avolume
504 _aIncludes bibliographical references and index.
505 0 _aIntroduction to flexible learning design -- Instructional design systems and educational technology -- Instructional delivery systems and educational technology -- Instructional planning and educational technology -- Emerging technologies -- Ethics in digital education.
650 0 _aComputer-assisted instruction.
650 0 _aEducational technology
_xPlanning.
650 0 _aInstructional systems
_xDesign.
700 1 _aAldama, Prince Kennex R.,
_eauthor.
700 1 _aBulusan, Ferdinand,
_eauthor.
700 1 _aCalano, Mark Joseph T.,
_eauthor.
700 1 _aRivera, John Amiel A.,
_eauthor.
942 _cBK
_2ddc
_h371.33
_iB839c
_kFIL
_m2021
_n0
999 _c13361
_d13361